000 00462nam a2200181Ia 4500
001 15778
005 20260306170221.0
008 260306t2015||||xx |||||||||||||| ||und||
041 _aESP
082 _a620.0042
_bK82
100 _aKrick, Edward Vernon
_eAUT
245 0 _aIntroducción a la ingeniería y al diseño en la ingeniería
260 _c2015
300 _a240 páginas :
_c23 cm.
650 _aGEN
654 _aCII
942 _cLIB
_dJUS
_fJUS
_2ddc
_n
999 _c15778
_d15778